| 000 | 00969nam a2200229 i 4500 | ||
|---|---|---|---|
| 001 | 69219 | ||
| 003 | ES-MaACL | ||
| 005 | 20250716081417.0 | ||
| 007 | t| | ||
| 008 | 040921m18981902fr ||||1| fre d | ||
| 100 | 1 |
_aLemaitre, Jules. _971458 |
|
| 245 | 1 | 4 |
_aLes contemporains _b: études et portraits littéraires. _n1ère série / _cJules Lemaitre. |
| 250 | _a21e éd. | ||
| 260 |
_aParis : _bSociété Française d'Imprimerie et de Librairie, _c1898. |
||
| 300 |
_a355 p. ; _c19 cm. |
||
| 490 | 1 | _aNouvelle bibliothèque littéraire | |
| 505 | 8 | _aContiene: Théodore de Banville. Sully-Prudhomme. François Coppée. Edouard Grenier. Madame Adam. Madame Alphonse Daudet. Ernest Renan. Ferdinand Brunetière. Emile Zola. Guy de Maupassant. J.-K. Huysmans. Georges Ohnet | |
| 650 | 4 |
_aLiteratura francesa- _yS.XIX- _xHistoria y crítica _914589 |
|
| 830 | 0 |
_aNouvelle bibliothèque littéraire _9182447 |
|
| 852 |
_aES-MaACL _jB-2666 |
||
| 999 |
_c69219 _d69219 |
||